[Event "She Plays To Win 1st"]
[Site "London"]
[Date "2022.04.08"]
[Round "3.5"]
[White "Karas, Eugenia"]
[Black "Schulze, Lara"]
[Result "0-1"]
[WhiteElo "1920"]
[BlackElo "2309"]
[PlyCount "113"]
[EventDate "2022.04.07"]
[EventType "tourn"]
[EventRounds "9"]
[EventCountry "ENG"]
[SourceTitle "The Week in Chess 1431"]
[Source "Mark Crowther"]
[SourceDate "2022.04.11"]
[SourceVersion "1"]
[SourceVersionDate "2022.04.11"]
[SourceQuality "2"]

1. d4 Nf6 2. c4 e6 3. Nf3 b6 4. g3 Ba6 5. b3 Bb4+ 6. Bd2 Be7 7. Bg2 d5 8. O-O
O-O 9. Qc2 c5 10. Nc3 Nc6 11. dxc5 bxc5 12. cxd5 exd5 13. Bf4 Rc8 14. Bh3 Nd4
15. Qd2 Nxf3+ 16. exf3 Bxf1 17. Bxc8 Qxc8 18. Rxf1 d4 19. Ne4 h6 20. Qa5 Qb7
21. Re1 Rc8 22. Qa4 Nd5 23. Bd6 Nc3 24. Nxc3 Bxd6 25. Re8+ Rxe8 26. Qxe8+ Bf8
27. Ne4 Qd5 28. Nd2 g6 29. Qe4 Qd6 30. f4 Qa6 31. a4 Qa5 32. Qd3 Qc3 33. Qe2 d3
34. Qe3 Kh7 35. Ne4 Qd4 36. Qxd4 cxd4 37. Kf1 Kg7 38. f3 Bb4 39. Nf2 d2 40. Ke2
Kf6 41. Ne4+ Ke6 42. Nxd2 Kd5 43. Nc4 f6 44. Nd2 Bxd2 45. Kxd2 Kc5 46. Kd3 a5
47. h3 Kb4 48. Kxd4 Kxb3 49. Kc5 Kxa4 50. Kc4 h5 51. f5 gxf5 52. f4 Ka3 53. Kc3
a4 54. h4 Ka2 55. Kc2 a3 56. Kc3 Kb1 57. Kb3 0-1

[Event "She Plays To Win 1st"]
[Site "London"]
[Date "2022.04.08"]
[Round "4.1"]
[White "Mar, Karmen"]
[Black "Schulze, Lara"]
[Result "0-1"]
[WhiteElo "2003"]
[BlackElo "2309"]
[PlyCount "66"]
[EventDate "2022.04.07"]
[EventType "tourn"]
[EventRounds "9"]
[EventCountry "ENG"]
[SourceTitle "The Week in Chess 1431"]
[Source "Mark Crowther"]
[SourceDate "2022.04.11"]
[SourceVersion "1"]
[SourceVersionDate "2022.04.11"]
[SourceQuality "2"]

1. e4 c5 2. Nf3 Nc6 3. Bb5 g6 4. Bxc6 bxc6 5. O-O Bg7 6. d3 d6 7. h3 e5 8. Na3
Ne7 9. Be3 O-O 10. Qd2 f5 11. exf5 Bxf5 12. Nh2 Qd7 13. Qe2 Nd5 14. c3 Rae8 15.
Nc2 Nf4 16. Bxf4 exf4 17. Qf3 c4 18. Nd4 Bxd3 19. Rfe1 d5 20. Qg4 Qxg4 21. hxg4
Bxd4 22. cxd4 Re4 23. Nf3 Rfe8 24. Ne5 c5 25. Rxe4 dxe4 26. Nd7 cxd4 27. Nf6+
Kf7 28. Nxe8 Kxe8 29. g5 Be2 30. Rc1 Kf7 31. Kh2 d3 32. Rxc4 d2 33. Rxe4 d1=Q
0-1

[Event "She Plays To Win 1st"]
[Site "London"]
[Date "2022.04.08"]
[Round "4.2"]
[White "Head, Louise"]
[Black "Karas, Eugenia"]
[Result "1-0"]
[WhiteElo "2015"]
[BlackElo "1920"]
[PlyCount "93"]
[EventDate "2022.04.07"]
[EventType "tourn"]
[EventRounds "9"]
[EventCountry "ENG"]
[SourceTitle "The Week in Chess 1431"]
[Source "Mark Crowther"]
[SourceDate "2022.04.11"]
[SourceVersion "1"]
[SourceVersionDate "2022.04.11"]
[SourceQuality "2"]

1. d4 d5 2. c4 e6 3. Nc3 Be7 4. Nf3 Nf6 5. Bg5 h6 6. Bh4 O-O 7. e3 b6 8. cxd5
Nxd5 9. Nxd5 exd5 10. Bxe7 Qxe7 11. Be2 Bb7 12. Rc1 c5 13. O-O Nd7 14. Qa4 f5
15. Ba6 Bxa6 16. Qxa6 g5 17. dxc5 Nxc5 18. Qb5 Rad8 19. b4 Ne4 20. Nd4 Qd7 21.
Qd3 Rc8 22. f3 Nd6 23. Rxc8 Rxc8 24. Ne2 Qb5 25. Rd1 Qxd3 26. Rxd3 Nc4 27. Kf2
Kf7 28. Rxd5 Ke6 29. Rd3 Ne5 30. Rd2 Rc4 31. a3 a5 32. bxa5 bxa5 33. h3 Ra4 34.
Nd4+ Kf6 35. Nb5 Rc4 36. Rd6+ Kg7 37. Nd4 f4 38. Nf5+ Kh7 39. Rxh6+ Kg8 40.
exf4 Rxf4 41. Ne7+ Kf7 42. Nc6 Kg7 43. Rd6 Nc4 44. Rd5 Kh6 45. a4 Nb6 46. Rxa5
Nxa4 47. Nd8 1-0

[Event "She Plays To Win 1st"]
[Site "London"]
[Date "2022.04.08"]
[Round "4.3"]
[White "Vanduyfhuys, Daria"]
[Black "Santeramo, Alessia Carmen"]
[Result "0-1"]
[WhiteElo "2080"]
[BlackElo "2160"]
[PlyCount "98"]
[EventDate "2022.04.07"]
[EventType "tourn"]
[EventRounds "9"]
[EventCountry "ENG"]
[SourceTitle "The Week in Chess 1431"]
[Source "Mark Crowther"]
[SourceDate "2022.04.11"]
[SourceVersion "1"]
[SourceVersionDate "2022.04.11"]
[SourceQuality "2"]

1. d4 Nf6 2. c4 e6 3. Nf3 d5 4. Nc3 dxc4 5. e4 Bb4 6. Bg5 c5 7. Bxc4 cxd4 8.
Nxd4 Bxc3+ 9. bxc3 Qa5 10. Nb5 Nxe4 11. Qd4 O-O 12. Qxe4 a6 13. Be7 axb5 14.
Bb4 Qc7 15. Bxf8 Kxf8 16. Bd3 Qxc3+ 17. Ke2 Qb2+ 18. Bc2 Ra4 19. Qxh7 Rc4 20.
Rhc1 f5 21. Kd2 Nc6 22. Rab1 Qc3+ 23. Kd1 Rd4+ 24. Ke2 Rd2+ 25. Kf1 Rxc2 26.
Rd1 Qc4+ 27. Kg1 Ne5 28. Rd8+ Ke7 29. Rbd1 Qe2 30. Qxg7+ Nf7 31. Qg3 Qg4 32.
Qa3+ b4 33. Qd3 Rc3 34. Qd2 Nxd8 35. Qxd8+ Kf7 36. h3 Qe2 37. Qd4 Rc2 38. Rf1
Qc4 39. Qe3 Bd7 40. Rd1 Qc6 41. Qd4 Rc1 42. h4 Rxd1+ 43. Qxd1 e5 44. h5 Be6 45.
Qd2 Bd5 46. Qxb4 Qc1+ 47. Kh2 Qf4+ 48. Qxf4 exf4 49. a3 Kf6 0-1

[Event "She Plays To Win 1st"]
[Site "London"]
[Date "2022.04.08"]
[Round "4.4"]
[White "Varney, Zoe"]
[Black "Goossens, Hanne"]
[Result "0-1"]
[WhiteElo "1998"]
[BlackElo "2131"]
[PlyCount "120"]
[EventDate "2022.04.07"]
[EventType "tourn"]
[EventRounds "9"]
[EventCountry "ENG"]
[SourceTitle "The Week in Chess 1431"]
[Source "Mark Crowther"]
[SourceDate "2022.04.11"]
[SourceVersion "1"]
[SourceVersionDate "2022.04.11"]
[SourceQuality "2"]

1. e4 c5 2. Nf3 d6 3. d4 cxd4 4. Nxd4 Nf6 5. Nc3 Nc6 6. f3 e5 7. Nb3 Be6 8. Be3
d5 9. exd5 Nxd5 10. Nxd5 Qxd5 11. Qxd5 Bxd5 12. c3 O-O-O 13. Be2 Be7 14. O-O f5
15. Nc5 Bf6 16. a4 b6 17. Na6 Bb3 18. Nb4 Na5 19. Ba6+ Kb8 20. c4 Be7 21. c5
Bxc5 22. Bxc5 bxc5 23. Nd3 Rd5 24. Rfe1 Re8 25. Bb5 Re7 26. Nf4 Rd6 27. Nd3 a6
28. Nxc5 axb5 29. axb5 Rd5 30. Na6+ Kb7 31. Rxa5 Kb6 32. Ra3 Rxb5 33. Re3 Bf7
34. b4 Be8 35. h3 Ra7 36. Nc5 Rxa3 37. Rxa3 Rxb4 38. Nd3 Rb5 39. Ra8 Bc6 40.
Rb8+ Bb7 41. Re8 e4 42. Re6+ Kc7 43. fxe4 fxe4 44. Nf2 Kd7 45. Rxe4 Bxe4 46.
Nxe4 Re5 47. Nd2 Ke6 48. Kf2 Kf5 49. Nf3 Ra5 50. Nd4+ Ke4 51. Ne6 g6 52. Kg3
Re5 53. Nd8 Rg5+ 54. Kf2 Rf5+ 55. Kg3 Rf6 56. Kg4 h6 57. Nb7 Kd5 58. h4 Rf7 59.
Na5 Ra7 60. Nb3 Ra4+ 0-1

[Event "She Plays To Win 1st"]
[Site "London"]
[Date "2022.04.08"]
[Round "4.5"]
[White "Kakulidis, Ellen"]
[Black "Van Foreest, Machteld"]
[Result "0-1"]
[WhiteElo "2107"]
[BlackElo "2199"]
[PlyCount "112"]
[EventDate "2022.04.07"]
[EventType "tourn"]
[EventRounds "9"]
[EventCountry "ENG"]
[SourceTitle "The Week in Chess 1431"]
[Source "Mark Crowther"]
[SourceDate "2022.04.11"]
[SourceVersion "1"]
[SourceVersionDate "2022.04.11"]
[SourceQuality "2"]

1. d4 d5 2. c4 e6 3. Nf3 Nf6 4. g3 dxc4 5. Qa4+ Nbd7 6. Bg2 a6 7. Nc3 Be7 8.
O-O O-O 9. Qxc4 b5 10. Qd3 Bb7 11. Bf4 c5 12. dxc5 Nxc5 13. Qxd8 Rfxd8 14. Rac1
Rac8 15. b4 Ncd7 16. a3 Nb6 17. Ne5 Bxg2 18. Kxg2 Nfd7 19. Be3 Nxe5 20. Bxb6
Re8 21. Ne4 Nc4 22. Bc5 Bxc5 23. Nxc5 Nxa3 24. Rc3 a5 25. bxa5 b4 26. Rcc1 h5
27. Nb3 Nc2 28. e3 Rc3 29. Nd4 b3 30. Rb1 Nxd4 31. exd4 Ra8 32. Rfe1 Rxa5 33.
Re3 Rxe3 34. fxe3 Rb5 35. Rb2 f5 36. h4 Kf7 37. Kf3 e5 38. dxe5 Ke6 39. e4 Kxe5
40. exf5 Kxf5 41. Kf2 Kg4 42. Kg2 Rb4 43. Kf2 Kh3 44. Kf3 Rg4 45. Rb1 Rxg3+ 46.
Kf4 Kxh4 47. Rb2 g5+ 48. Kf5 Rf3+ 49. Kg6 g4 50. Rh2+ Rh3 51. Rb2 Rc3 52. Rh2+
Kg3 53. Rxh5 Rc6+ 54. Kf7 Rb6 55. Rh1 b2 56. Rb1 Kf2 0-1

[Event "She Plays To Win 1st"]
[Site "London"]
[Date "2022.04.09"]
[Round "5.1"]
[White "Van Foreest, Machteld"]
[Black "Mar, Karmen"]
[Result "1-0"]
[WhiteElo "2199"]
[BlackElo "2003"]
[PlyCount "129"]
[EventDate "2022.04.07"]
[EventType "tourn"]
[EventRounds "9"]
[EventCountry "ENG"]
[SourceTitle "The Week in Chess 1431"]
[Source "Mark Crowther"]
[SourceDate "2022.04.11"]
[SourceVersion "1"]
[SourceVersionDate "2022.04.11"]
[SourceQuality "2"]

1. e4 c5 2. Nf3 e6 3. c3 Nf6 4. e5 Nd5 5. d4 cxd4 6. cxd4 Nc6 7. Bc4 Nb6 8. Bb3
d6 9. Bg5 Be7 10. Bxe7 Nxe7 11. Qe2 dxe5 12. dxe5 Bd7 13. O-O O-O 14. Nc3 Nf5
15. Rad1 Qe7 16. Bc2 Rad8 17. Nd4 Qh4 18. Ne4 Nxd4 19. Rxd4 Bb5 20. Qe3 Rxd4
21. Qxd4 Qd8 22. Nf6+ gxf6 23. Qg4+ Kh8 24. exf6 Qxf6 25. Qh5 Qg7 26. Qxb5 Rg8
27. Be4 Qg5 28. Qb3 Qe5 29. Bxb7 Nd5 30. Bxd5 exd5 31. Qf3 f6 32. g3 Rd8 33. b3
d4 34. Rd1 a5 35. Kg2 Rd5 36. h3 f5 37. Rd2 Qe4 38. Re2 Qxf3+ 39. Kxf3 Kg7 40.
Kf4 Kf6 41. Rc2 Rd6 42. Rd2 Rd5 43. g4 h6 44. gxf5 Rxf5+ 45. Ke4 Rh5 46. Rd3
Rh4+ 47. f4 Ke6 48. Rf3 Rh5 49. f5+ Kf6 50. Kxd4 Rh4+ 51. Kc5 Re4 52. Kb5 Re5+
53. Kb6 h5 54. a3 Rd5 55. b4 axb4 56. axb4 h4 57. b5 Rxf5 58. Rxf5+ Kxf5 59.
Kc5 Kf4 60. b6 Kg3 61. b7 Kxh3 62. b8=Q Kg2 63. Qg8+ Kh2 64. Qg4 h3 65. Kd4 1-0

[Event "She Plays To Win 1st"]
[Site "London"]
[Date "2022.04.09"]
[Round "5.2"]
[White "Goossens, Hanne"]
[Black "Kakulidis, Ellen"]
[Result "1-0"]
[WhiteElo "2131"]
[BlackElo "2107"]
[PlyCount "103"]
[EventDate "2022.04.07"]
[EventType "tourn"]
[EventRounds "9"]
[EventCountry "ENG"]
[SourceTitle "The Week in Chess 1431"]
[Source "Mark Crowther"]
[SourceDate "2022.04.11"]
[SourceVersion "1"]
[SourceVersionDate "2022.04.11"]
[SourceQuality "2"]

1. d4 d5 2. Nc3 Nf6 3. Bf4 Bf5 4. e3 e6 5. Bd3 Bd6 6. Nge2 Bxf4 7. Nxf4 c6 8.
h3 Nbd7 9. Bxf5 exf5 10. g4 fxg4 11. hxg4 Qe7 12. Qf3 O-O-O 13. O-O-O Nb6 14.
Nh5 Nxh5 15. Rxh5 f6 16. Qf5+ Qd7 17. Rdh1 h6 18. Ne2 Nc4 19. Qxd7+ Rxd7 20.
Ng3 Re8 21. b3 Nd6 22. Kd2 Ne4+ 23. Nxe4 dxe4 24. c4 Rf8 25. Kc3 Rdf7 26. Rf5
Kd7 27. d5 cxd5 28. Rxd5+ Kc8 29. Rhh5 Rd7 30. Rxd7 Kxd7 31. Kd4 Re8 32. a4 Re6
33. a5 b6 34. a6 Kc7 35. b4 Rd6+ 36. Kxe4 Rd2 37. f3 Rb2 38. b5 Rc2 39. Kd3 Rf2
40. Rf5 Kd6 41. Rd5+ Kc7 42. Ke4 Rc2 43. Rd4 g6 44. Kd3 Ra2 45. Rf4 Ra3+ 46.
Kd4 h5 47. gxh5 gxh5 48. Rxf6 Ra1 49. Ke5 h4 50. Rf7+ Kd8 51. Rxa7 h3 52. Rh7
1-0

[Event "She Plays To Win 1st"]
[Site "London"]
[Date "2022.04.09"]
[Round "5.3"]
[White "Santeramo, Alessia Carmen"]
[Black "Varney, Zoe"]
[Result "1/2-1/2"]
[WhiteElo "2160"]
[BlackElo "1998"]
[PlyCount "89"]
[EventDate "2022.04.07"]
[EventType "tourn"]
[EventRounds "9"]
[EventCountry "ENG"]
[SourceTitle "The Week in Chess 1431"]
[Source "Mark Crowther"]
[SourceDate "2022.04.11"]
[SourceVersion "1"]
[SourceVersionDate "2022.04.11"]
[SourceQuality "2"]

1. e4 e5 2. Nf3 Nc6 3. Bb5 a6 4. Ba4 Nf6 5. O-O Be7 6. Re1 b5 7. Bb3 O-O 8. a4
d5 9. exd5 Na5 10. Nxe5 Nxb3 11. cxb3 Bb7 12. Nc6 Bxc6 13. dxc6 Bc5 14. d4 Bxd4
15. Be3 Bxe3 16. fxe3 Qxd1 17. Rxd1 b4 18. Nd2 Rfe8 19. Nc4 Re6 20. Rd4 Rxc6
21. Rad1 Re6 22. Rd8+ Re8 23. Rxa8 Rxa8 24. Rd4 Kf8 25. Kf2 c5 26. Rd3 Ke7 27.
Ke2 Ra7 28. Nb6 Rc7 29. e4 Rc6 30. Nd5+ Nxd5 31. Rxd5 Rg6 32. Kf3 Rf6+ 33. Ke3
Rg6 34. g3 Rh6 35. h4 Rg6 36. Kf4 Rf6+ 37. Rf5 g6 38. Rxf6 Kxf6 39. a5 Ke6 40.
g4 h6 41. g5 hxg5+ 42. hxg5 Kd6 43. Ke3 Kc6 44. Kf4 Kd6 45. Ke3 1/2-1/2

[Event "She Plays To Win 1st"]
[Site "London"]
[Date "2022.04.09"]
[Round "5.4"]
[White "Karas, Eugenia"]
[Black "Vanduyfhuys, Daria"]
[Result "1/2-1/2"]
[WhiteElo "1920"]
[BlackElo "2080"]
[PlyCount "98"]
[EventDate "2022.04.07"]
[EventType "tourn"]
[EventRounds "9"]
[EventCountry "ENG"]
[SourceTitle "The Week in Chess 1431"]
[Source "Mark Crowther"]
[SourceDate "2022.04.11"]
[SourceVersion "1"]
[SourceVersionDate "2022.04.11"]
[SourceQuality "2"]

1. d4 d5 2. c4 e6 3. Nf3 Nf6 4. g3 dxc4 5. Qa4+ c6 6. Qxc4 b5 7. Qc2 Bb7 8. Bg2
Bd6 9. O-O O-O 10. Bg5 Nbd7 11. Nc3 Rc8 12. Ne4 Be7 13. Bxf6 Nxf6 14. Nc5 Ba8
15. Rfd1 Qb6 16. Ng5 Rfd8 17. e3 h6 18. Nge4 Nd5 19. Nd3 Bb7 20. Nec5 Rc7 21.
h4 Bc8 22. Rac1 Bd7 23. Nxd7 Rdxd7 24. Ne5 Rd8 25. Bxd5 exd5 26. Nd3 Qb8 27. b4
Qc8 28. Qe2 Bd6 29. Kg2 Re8 30. Nc5 a5 31. a3 Qa8 32. Ra1 Bxc5 33. dxc5 Ra7 34.
Qb2 Qc8 35. a4 axb4 36. axb5 Rxa1 37. Rxa1 cxb5 38. Qxb4 Qc6 39. Kg1 Re4 40.
Qa5 Qxc5 41. Rb1 Qc2 42. Qxb5 d4 43. exd4 Rxd4 44. Rf1 Kh7 45. Qb1 Rd2 46.
Qxc2+ Rxc2 47. Kg2 Kg6 48. Rb1 Ra2 49. Rb7 h5 1/2-1/2

[Event "She Plays To Win 1st"]
[Site "London"]
[Date "2022.04.09"]
[Round "5.5"]
[White "Schulze, Lara"]
[Black "Head, Louise"]
[Result "1-0"]
[WhiteElo "2309"]
[BlackElo "2015"]
[PlyCount "123"]
[EventDate "2022.04.07"]
[EventType "tourn"]
[EventRounds "9"]
[EventCountry "ENG"]
[SourceTitle "The Week in Chess 1431"]
[Source "Mark Crowther"]
[SourceDate "2022.04.11"]
[SourceVersion "1"]
[SourceVersionDate "2022.04.11"]
[SourceQuality "2"]

1. e4 c6 2. d4 d5 3. e5 Bf5 4. Nd2 e6 5. Nb3 Ne7 6. Nf3 h6 7. Be2 Nd7 8. O-O
Nc8 9. a4 Be7 10. a5 a6 11. Be3 O-O 12. Nfd2 c5 13. c4 dxc4 14. Nxc4 cxd4 15.
Qxd4 Bc2 16. Qc3 Be4 17. Rfd1 Bd5 18. Qd4 Qe8 19. Qg4 f5 20. exf6 Nxf6 21. Qh3
Nd6 22. Nbd2 Nf5 23. Nb6 Rd8 24. Nxd5 Nxd5 25. Bc4 Bf6 26. Ne4 Bxb2 27. Rab1
Ndxe3 28. Rxd8 Qxd8 29. fxe3 Nxe3 30. Qxe6+ Kh8 31. Nd6 Nxc4 32. Nf7+ Rxf7 33.
Qxf7 Qd3 34. Re1 Kh7 35. Qxb7 Nxa5 36. Qxb2 Nc4 37. Qe2 Qxe2 38. Rxe2 a5 39.
Ra2 Kg6 40. Ra4 Ne3 41. Rxa5 Kf6 42. Kf2 Ng4+ 43. Kg3 Ne3 44. Kf3 Nf5 45. Kf4
Nh4 46. Ra6+ Kf7 47. g3 Ng6+ 48. Kg4 Ne7 49. Ra1 Kg6 50. Rf1 Nd5 51. Ra1 Nf6+
52. Kf4 Nd5+ 53. Ke5 Nf6 54. Ra6 Kf7 55. Kf5 g6+ 56. Kf4 Ke7 57. g4 Kf7 58. h3
Ke7 59. g5 Nh5+ 60. Kg4 Kf7 61. Ra7+ Kg8 62. gxh6 1-0

[Event "She Plays To Win 1st"]
[Site "London"]
[Date "2022.04.09"]
[Round "6.2"]
[White "Vanduyfhuys, Daria"]
[Black "Schulze, Lara"]
[Result "0-1"]
[WhiteElo "2080"]
[BlackElo "2309"]
[PlyCount "94"]
[EventDate "2022.04.07"]
[EventType "tourn"]
[EventRounds "9"]
[EventCountry "ENG"]
[SourceTitle "The Week in Chess 1431"]
[Source "Mark Crowther"]
[SourceDate "2022.04.11"]
[SourceVersion "1"]
[SourceVersionDate "2022.04.11"]
[SourceQuality "2"]

1. d4 Nf6 2. c4 e6 3. Nf3 b6 4. g3 Ba6 5. b3 Bb4+ 6. Bd2 Be7 7. Nc3 d5 8. cxd5
exd5 9. Bg2 O-O 10. O-O Re8 11. Rb1 Nbd7 12. Ne5 Bb7 13. Bf4 Nf8 14. b4 c6 15.
Qb3 Ne6 16. Be3 Bd6 17. Nd3 Rc8 18. Rbc1 Bf8 19. h3 Ne4 20. Rfd1 Nd6 21. Ne5 f6
22. Nd3 Kh8 23. Nb2 Nf5 24. b5 Nxe3 25. fxe3 Nc7 26. e4 Nxb5 27. Nxb5 cxb5 28.
exd5 Rxc1 29. Rxc1 Rxe2 30. Qxb5 Rd2 31. Re1 Kg8 32. Re8 Qd6 33. Nc4 Rxg2+ 34.
Kxg2 Qxd5+ 35. Qxd5+ Bxd5+ 36. Kf2 Bxc4 37. Ra8 a5 38. a4 Bb3 39. Rb8 Bxa4 40.
Rxb6 Bd7 41. h4 Kf7 42. Ke3 a4 43. Ra6 Bb4 44. Ke4 Ke7 45. Ra7 h5 46. Kf4 Bd6+
47. Kf3 g6 0-1

[Event "She Plays To Win 1st"]
[Site "London"]
[Date "2022.04.09"]
[Round "6.4"]
[White "Kakulidis, Ellen"]
[Black "Santeramo, Alessia Carmen"]
[Result "0-1"]
[WhiteElo "2107"]
[BlackElo "2160"]
[PlyCount "86"]
[EventDate "2022.04.07"]
[EventType "tourn"]
[EventRounds "9"]
[EventCountry "ENG"]
[SourceTitle "The Week in Chess 1431"]
[Source "Mark Crowther"]
[SourceDate "2022.04.11"]
[SourceVersion "1"]
[SourceVersionDate "2022.04.11"]
[SourceQuality "2"]

1. d4 Nf6 2. g3 d5 3. Nf3 c5 4. c4 dxc4 5. dxc5 Qxd1+ 6. Kxd1 Nc6 7. Nbd2 Ng4
8. Ke1 Nb4 9. Nd4 e5 10. a3 Na6 11. Nb5 Bxc5 12. e3 Bd7 13. Bxc4 Bc6 14. Rg1
Nxh2 15. b4 Be7 16. Nc3 Nf3+ 17. Nxf3 Bxf3 18. Nd5 Bd6 19. Bb5+ Kf8 20. Nc3 g6
21. Bb2 Kg7 22. Be2 Bxe2 23. Kxe2 Rac8 24. Rac1 Bb8 25. g4 Nc7 26. f4 f6 27.
Rgd1 Rcd8 28. Ne4 Ne6 29. f5 Ng5 30. Nc5 b6 31. Nd7 gxf5 32. gxf5 h5 33. Nxb8
Rxd1 34. Rxd1 Rxb8 35. Rd7+ Kh6 36. Rd6 Ne4 37. Re6 Kg5 38. Bxe5 fxe5 39. Rxe5
Nf6 40. Re7 Kxf5 41. Kf3 Rg8 42. e4+ Nxe4 43. Rf7+ Nf6 0-1

[Event "She Plays To Win 1st"]
[Site "London"]
[Date "2022.04.09"]
[Round "6.5"]
[White "Van Foreest, Machteld"]
[Black "Goossens, Hanne"]
[Result "1/2-1/2"]
[WhiteElo "2199"]
[BlackElo "2131"]
[PlyCount "55"]
[EventDate "2022.04.07"]
[EventType "tourn"]
[EventRounds "9"]
[EventCountry "ENG"]
[SourceTitle "The Week in Chess 1431"]
[Source "Mark Crowther"]
[SourceDate "2022.04.11"]
[SourceVersion "1"]
[SourceVersionDate "2022.04.11"]
[SourceQuality "2"]

1. e4 c5 2. Nf3 Nc6 3. d4 cxd4 4. Nxd4 Nf6 5. Nc3 d6 6. Bg5 e6 7. Qd3 a6 8.
O-O-O Bd7 9. f4 Be7 10. Nf3 b5 11. h3 h6 12. Bh4 Rc8 13. e5 Nb4 14. Qd4 Nfd5
15. Bxe7 Qxe7 16. Nxd5 Nxd5 17. Bd3 dxe5 18. Nxe5 Qc5 19. Be4 Nf6 20. Nxd7 Qxd4
21. Rxd4 Nxe4 22. Rhd1 Ng3 23. Kb1 Ne2 24. Re4 Rd8 25. Rxe2 Rxd7 26. Red2 Rxd2
27. Rxd2 Ke7 28. c3 1/2-1/2

[Event "She Plays To Win 1st"]
[Site "London"]
[Date "2022.04.10"]
[Round "7.1"]
[White "Goossens, Hanne"]
[Black "Mar, Karmen"]
[Result "1/2-1/2"]
[WhiteElo "2131"]
[BlackElo "2003"]
[PlyCount "81"]
[EventDate "2022.04.07"]
[EventType "tourn"]
[EventRounds "9"]
[EventCountry "ENG"]
[SourceTitle "The Week in Chess 1431"]
[Source "Mark Crowther"]
[SourceDate "2022.04.11"]
[SourceVersion "1"]
[SourceVersionDate "2022.04.11"]
[SourceQuality "2"]

1. d4 d5 2. Nc3 Nf6 3. Bf4 c6 4. e3 Bf5 5. f3 e6 6. g4 Bg6 7. h4 h5 8. g5 Ng8
9. Qd2 Bd6 10. Bxd6 Qxd6 11. Qh2 Qxh2 12. Rxh2 Nd7 13. O-O-O Ne7 14. Bh3 Bf5
15. Nge2 Bxh3 16. Rxh3 g6 17. Ng3 O-O 18. Rh2 b5 19. Nce2 Rfc8 20. Nf4 c5 21.
Re2 cxd4 22. exd4 a5 23. Kb1 Ra6 24. Rd3 Rc4 25. c3 b4 26. Rc2 Rb6 27. b3 bxc3
28. Kc1 Rcb4 29. Nfe2 a4 30. Rcxc3 axb3 31. axb3 Rb7 32. f4 Nb8 33. Kd2 Nbc6
34. Ke3 R4b6 35. Nc1 Na5 36. Ke2 Nec6 37. Ke3 Kg7 38. Nge2 Ne7 39. Ng3 Nec6 40.
Nge2 Ne7 41. Ng3 1/2-1/2

[Event "She Plays To Win 1st"]
[Site "London"]
[Date "2022.04.10"]
[Round "7.2"]
[White "Santeramo, Alessia Carmen"]
[Black "Van Foreest, Machteld"]
[Result "0-1"]
[WhiteElo "2160"]
[BlackElo "2199"]
[PlyCount "122"]
[EventDate "2022.04.07"]
[EventType "tourn"]
[EventRounds "9"]
[EventCountry "ENG"]
[SourceTitle "The Week in Chess 1431"]
[Source "Mark Crowther"]
[SourceDate "2022.04.11"]
[SourceVersion "1"]
[SourceVersionDate "2022.04.11"]
[SourceQuality "2"]

1. e4 c5 2. Nf3 e6 3. b3 d5 4. exd5 exd5 5. Bb5+ Nc6 6. Qe2+ Qe7 7. Ne5 Bd7 8.
Bxc6 Bxc6 9. O-O O-O-O 10. Re1 Qc7 11. Nxc6 Qxc6 12. d4 Nf6 13. Bf4 Re8 14. Qd1
Bd6 15. Rxe8+ Rxe8 16. Bxd6 Qxd6 17. Nd2 cxd4 18. Nf3 Re4 19. Qd3 Ng4 20. Qd2
Qf6 21. Rd1 Qf4 22. Qa5 Qc7 23. Qxd5 Qxc2 24. Rf1 Nf6 25. Qf5+ Kb8 26. Nxd4 Qc8
27. Qb5 Qd7 28. Qxd7 Nxd7 29. Rd1 g6 30. f3 Re7 31. Nb5 a6 32. Nd6 Nc5 33. Rd5
Ne6 34. Re5 Rd7 35. Nxf7 Nf4 36. Re8+ Ka7 37. Ng5 Rd2 38. g3 Ne2+ 39. Kf1 Nc1
40. h4 Rxa2 41. Nxh7 Nxb3 42. Nf8 a5 43. Nxg6 a4 44. h5 a3 45. Re3 Ra1+ 46. Kg2
a2 47. Re2 Rg1+ 48. Kxg1 a1=Q+ 49. Kg2 Nd4 50. Rf2 Nf5 51. Re2 Qd1 52. Nf4 Qd6
53. Ra2+ Kb6 54. Re2 Ka7 55. Ra2+ Kb8 56. Re2 Nh4+ 57. Kh3 Nxf3 58. Re8+ Ka7
59. Re3 Ne5 60. g4 Qd4 61. Ra3+ Kb8 0-1

[Event "She Plays To Win 1st"]
[Site "London"]
[Date "2022.04.10"]
[Round "7.3"]
[White "Karas, Eugenia"]
[Black "Kakulidis, Ellen"]
[Result "1/2-1/2"]
[WhiteElo "1920"]
[BlackElo "2107"]
[PlyCount "76"]
[EventDate "2022.04.07"]
[EventType "tourn"]
[EventRounds "9"]
[EventCountry "ENG"]
[SourceTitle "The Week in Chess 1431"]
[Source "Mark Crowther"]
[SourceDate "2022.04.11"]
[SourceVersion "1"]
[SourceVersionDate "2022.04.11"]
[SourceQuality "2"]

1. d4 d5 2. c4 e6 3. Nf3 Nf6 4. g3 Bb4+ 5. Bd2 Bd6 6. Bg2 c6 7. Qc2 Nbd7 8. b3
Ne4 9. Nc3 Nxd2 10. Nxd2 O-O 11. e4 Bb4 12. O-O c5 13. a3 cxd4 14. axb4 dxc3
15. Qxc3 dxc4 16. bxc4 e5 17. c5 Qe7 18. Nc4 f6 19. Ra2 a6 20. Rd1 Nb8 21. Nb6
Ra7 22. Bf1 Be6 23. Nd5 Qf7 24. b5 Nd7 25. bxa6 bxa6 26. c6 Nb6 27. Qc5 Nc8 28.
Rxa6 Rxa6 29. Bxa6 Qh5 30. Rd2 Qg5 31. Bxc8 Bxc8 32. Ne7+ Kf7 33. Qd6 Qg4 34.
Qc7 Be6 35. Nf5+ Kg8 36. Ne7+ Kf7 37. Nf5+ Kg8 38. Ne7+ Kf7 1/2-1/2

[Event "She Plays To Win 1st"]
[Site "London"]
[Date "2022.04.10"]
[Round "7.4"]
[White "Schulze, Lara"]
[Black "Varney, Zoe"]
[Result "0-1"]
[WhiteElo "2309"]
[BlackElo "1998"]
[PlyCount "78"]
[EventDate "2022.04.07"]
[EventType "tourn"]
[EventRounds "9"]
[EventCountry "ENG"]
[SourceTitle "The Week in Chess 1431"]
[Source "Mark Crowther"]
[SourceDate "2022.04.11"]
[SourceVersion "1"]
[SourceVersionDate "2022.04.11"]
[SourceQuality "2"]

1. e4 e5 2. Nf3 Nc6 3. d4 exd4 4. Nxd4 Nf6 5. Nxc6 bxc6 6. e5 Qe7 7. Qe2 Nd5 8.
c4 Ba6 9. b3 g6 10. Ba3 Nb4 11. Bb2 Bg7 12. a3 Nd5 13. Nd2 O-O 14. O-O-O Rfe8
15. Qf3 Nb6 16. Kb1 Rab8 17. Re1 Bb7 18. h4 d5 19. h5 Qg5 20. Qe3 Qxe3 21. Rxe3
Rbd8 22. Nf3 Bc8 23. c5 Bf5+ 24. Ka2 Nd7 25. h6 Bh8 26. Nd4 Rxe5 27. Nxc6 Rxe3
28. fxe3 Re8 29. Bc1 Nxc5 30. Nxa7 Ne4 31. b4 c5 32. bxc5 Nc3+ 33. Kb3 Rb8+ 34.
Nb5 Nxb5 35. Bxb5 Rxb5+ 36. Ka4 Rb1 37. c6 Bc3 38. e4 Bxe4 39. c7 Bc2# 0-1